000 00370nam a2200145Ia 4500
008 221030s9999 xx 000 0 und d
020 _a1259005008
041 _aEnglish
100 _aS. S. Saha
245 0 _aIndian Financial Systems & Markets
_cby S. S. Saha
260 _bMcGraw - Hill Pub.
_aNew Delhi
_c2013
300 _a559
650 _aManagement
942 _cBK
999 _c16952
_d16952